Music Quiz

Random Music Quiz

Nick Cave & the Bad Seeds 1997-2016 Quiz Stats

 Plays Quiz not verified by Sporcle

Support Sporcle.
Go Orange.
Score 0/79 Timer 15:00
0 Plays Today
Album Song % Correct
Skeleton Tree (2016)Skeleton Tree
94.6%
The Boatman's Call (1997)Into My Arms
94.5%
Dig, Lazarus, Dig!!! (2008)Dig, Lazarus, Dig!!!
91.6%
Push the Sky Away (2013)Push the Sky Away
91.3%
No More Shall We Part (2001)And No More Shall We Part
90.7%
Push the Sky Away (2013)Jubilee Street
90.4%
Abattoir Blues (2004)Abattoir Blues
87.8%
The Lyre of Orpheus (2004)The Lyre of Orpheus
87.8%
Skeleton Tree (2016)Anthrocene
86.4%
Skeleton Tree (2016)Jesus Alone
85.9%
Push the Sky Away (2013)Higgs Boson Blues
85.1%
The Boatman's Call (1997)Lime Tree Arbour
84.7%
The Lyre of Orpheus (2004)O Children
84.5%
The Boatman's Call (1997)People Aint No Good
84.2%
The Boatman's Call (1997)Green Eyes
84%
Skeleton Tree (2016)Rings of Saturn
83.7%
Skeleton Tree (2016)Girl In Amber
83.7%
Push the Sky Away (2013)We No Who U R
83.7%
Push the Sky Away (2013)Finishing Jubilee Street
82.5%
No More Shall We Part (2001)Fifteen Feet of Pure White Snow
82.3%
Push the Sky Away (2013)Mermaids
82%
The Boatman's Call (1997)Black Hair
81.6%
Skeleton Tree (2016)Magneto
81.5%
Skeleton Tree (2016)I Need You
81%
Skeleton Tree (2016)Distant Sky
81%
The Boatman's Call (1997)Brompton Oratory
78.5%
No More Shall We Part (2001)Hallelujah
78.5%
The Boatman's Call (1997)(Are You) The One That Ive Been Waiting For?
78.3%
No More Shall We Part (2001)God Is in the House
78%
No More Shall We Part (2001)As I Sat Sadly By Her Side
76.8%
Nocturama (2003)Babe, I'm On Fire
76.6%
No More Shall We Part (2001)Love Letter
74.9%
Push the Sky Away (2013)We Real Cool
73.5%
Dig, Lazarus, Dig!!! (2008)We Call Upon the Author
73.5%
Dig, Lazarus, Dig!!! (2008)More News From Nowhere
73.5%
The Lyre of Orpheus (2004)Breathless
73.3%
Abattoir Blues (2004)Nature Boy
73%
Abattoir Blues (2004)There She Goes, My Beautiful World
72.3%
The Boatman's Call (1997)Idiot Prayer
72.1%
No More Shall We Part (2001)Oh My Lord
72.1%
Album Song % Correct
Abattoir Blues (2004)Get Ready For Love
72.1%
The Boatman's Call (1997)West Country Girl
71.8%
The Lyre of Orpheus (2004)Easy Money
71.6%
Dig, Lazarus, Dig!!! (2008)Jesus of the Moon
70.2%
The Boatman's Call (1997)Where Do We Go Now But Nowhere?
69.2%
The Lyre of Orpheus (2004)Supernaturally
69.2%
Nocturama (2003)Rock of Gibraltar
69%
The Boatman's Call (1997)There Is a Kingdom
67.8%
The Boatman's Call (1997)Far From Me
67.5%
Dig, Lazarus, Dig!!! (2008)Night of the Lotus Eaters
67.5%
Abattoir Blues (2004)Hiding All Away
67.3%
Abattoir Blues (2004)Cannibals Hymn
66.3%
The Lyre of Orpheus (2004)Babe, You Turn Me On
66.1%
Abattoir Blues (2004)Fable of the Brown Ape
65.6%
Push the Sky Away (2013)Wide Lovely Eyes
65.1%
Dig, Lazarus, Dig!!! (2008)Albert Goes West
64.9%
No More Shall We Part (2001)The Sorrowful Wife
64.4%
Push the Sky Away (2013)Water's Edge
63.4%
The Lyre of Orpheus (2004)Carry Me
62.5%
Nocturama (2003)Bring It On
62.1%
Dig, Lazarus, Dig!!! (2008)Midnight Man
62.1%
No More Shall We Part (2001)Gates to the Garden
61.8%
Abattoir Blues (2004)Let The Bells Ring
60.9%
The Lyre of Orpheus (2004)Spell
60.6%
No More Shall We Part (2001)Darker with the Day
60.1%
Nocturama (2003)Wonderful Life
58.7%
Abattoir Blues (2004)Messiah Ward
58.7%
Dig, Lazarus, Dig!!! (2008)Moonland
58%
No More Shall We Part (2001)Sweetheart Come
57.8%
Dig, Lazarus, Dig!!! (2008)Todays Lesson
57.8%
Dig, Lazarus, Dig!!! (2008)Lie Down Here (And Be My Girl)
57.8%
Nocturama (2003)Dead Man In My Bed
55.4%
Nocturama (2003)He Wants You
53.5%
Dig, Lazarus, Dig!!! (2008)Hold on to Yourself
53.2%
No More Shall We Part (2001)We Came Along This Road
52.3%
Nocturama (2003)Right Out of Your Hand
51.1%
Nocturama (2003)Still in Love
48.4%
Nocturama (2003)She Passed by My Window
48%
Nocturama (2003)There Is A Town
43.4%

You're not logged in!

Compare scores with friends on all Sporcle quizzes.
OR
Log In

From the Vault

Paint Jurassic Park

by Cutthroat

No artistic ability needed.
Remove Ads.
Support Sporcle.
Get the best of Sporcle when you Go Orange. This ad-free experience offers more features, more stats, and more fun while also helping to support Sporcle. Thank you for becoming a member.

Show Comments

Extras

Created Feb 10, 2011SourceReportNominate
Tags:Nick Cave

Top Quizzes Today


Score Distribution

Your Account Isn't Verified!

In order to create a playlist on Sporcle, you need to verify the email address you used during registration. Go to your Sporcle Settings to finish the process.

Report this User

Report this user for behavior that violates our Community Guidelines.

Details: